00476 2200181 4500001002100000005001500021035002000036245004500056100001900101250001700120300003200137260003900169082001000208084001600218020002200234600001400256500002400270INLIS00000000000067920240831094049 a0010-08240001971 aBudi Daya Tanaman Hias /cSiti Ambarwati0 aSiti Ambarwati aCetakan Ke-1 aiv, 76 hlm :bIlus ;c21 cm aJakarta :bAzka Mulia Media,c2007 a635.9 a635.9 SIT b a978-979-1211-47-5 4aPertanian aSeri Bercocok Tanam